Statistics for All NCAA Schools in Texas

Click here to take the quiz!

General Stats

  • This quiz has been taken 47 times
  • The average score is 29 of 52

Answer Stats

DivisionConferenceCityNicknameAnswer% Correct
ISECCollege ParkAggiesTexas A&M University
100%
IBig 12Fort WorthHorned FrogsTexas Christian University
100%
IAACHoustonCougarsUniversity of Houston
100%
IBig 12AustinLonghornsUniv. of Texas at Austin
100%
IConference USAEl PasoMinersUniv. of Texas at El Paso
100%
IConference USASan AntonioRoadrunnersUniv. of Texas at San Antonio
100%
IBig 12LubbockRed RaidersTexas Tech University
97%
IBig 12WacoBearsBaylor University
93%
IAACDallasMustangsSouthern Methodist University
93%
ISun BeltSan MarcosBobcatsTexas State University
90%
IConference USAHoustonOwlsRice University
87%
ISouthlandCorpus ChristiIslandersTexas A&M University-Corpus Christi
87%
IConference USADentonMean GreenUniversity of North Texas
87%
ISun BeltArlingtonMavericksUniv. of Texas at Arlington
87%
ISouthlandAbileneWildcatsAbilene Christian University
80%
ISouthlandNacogdochesLumberjacksStephen F. Austin University
73%
ISWACPrairie ViewPanthersPrairie View A&M University
70%
IIISCACIrvingCrusadersUniversity of Dallas
70%
IWACEdinburgVaquerosUniv. of Texas Rio Grande Valley
70%
IIISCACShermanKangaroosAustin College
67%
ISouthlandHuntsvilleBearkatsSam Houston State University
67%
ISWACHoustonTigersTexas Southern University
67%
ISouthlandBeaumontCardinalsLamar University
63%
ISouthlandHoustonHuskiesHouston Baptist University
60%
IWACStephenvilleTexansTarleton State University
60%
IILone StarTylerPatriotsUniv. of Texas at Tyler
57%
ISouthlandSan AntonioCardinalsUniversity of the Incarnate Word
53%
IILone StarSan AngeloRamsAngelo State University
50%
IILone StarCommerceLionsTexas A&M University-Commerce
50%
IILone StarDallasPatriotsDallas Baptist University
47%
IILone StarKingsvilleJavelinasTexas A&M University-Kingsville
47%
IIIASCRichardsonCometsUniv. of Texas at Dallas
47%
IILone StarCanyonBuffaloesWest Texas A&M University
40%
IILone StarWichita FallsMustangsMidwestern State University
37%
IILone StarLubbockChaparralsLubbock Christian University
30%
IILone StarSan AntonioRattlersSt. Mary's University
30%
IILone StarDentonPioneersTexas Woman's University
30%
IIISCACSan AntonioTigersTrinity University
30%
IIIASCBeltonCrusadersUniv. of Mary Hardin-Baylor
30%
IIISCACGeorgetownPiratesSouthwestern University
27%
IILone StarAustinHilltoppersSt. Edward's University
27%
IIIASCAlpineLobosSul Ross State University
27%
IILone StarOdessaFalconsUniv. of Texas Permian Basin
27%
IIIASCAbileneCowboysHardin-Simmons University
23%
IIIASCAbileneWar HawksMcMurry University
23%
IIISCACSeguinBulldogsTexas Lutheran University
23%
IIIASCMarshallTigersEast Texas Baptist University
20%
IIIASCBrownwoodYellow JacketsHoward Payne University
17%
IIISCACKerrvilleMountaineersSchreiner University
17%
IIIASCAustinTornadosConcordia University Texas
13%
IILone StarLaredoDustdevilsTexas A&M International University
13%
IIIASCLongviewYellowjacketsLeTourneau University
10%

Score Distribution

Percentile by Number Answered

Percent of People with Each Score

Your Score History

You have not taken this quiz